000 00914cam a2200253 a 4500
001 34
003 BR-CuiBMT
005 20231114033431.0
008 230804s2021 mgb 000 0 por d
020 _a9786555182194
040 _aBR-CuiBMT
_cBR-CuiBMT
080 _22007
_a35.078.6:061.2
090 _a35.078.6:061.2
_bC421r
100 1 _aCesário, Natália de Aquino
245 1 2 _aO regime jurídico das parcerias na Lei nº 13.019/2014 /
_cNatália de Aquino Cesário ; prefácio Thiago Marrara ; apresentação Rodrigo Pagani de Souza.
260 _aBelo Horizonte :
_bFórum,
_c2021.
300 _a158 p. ;
_c22 cm
504 _aInclui bibliografia.
650 _aTerceiro setor
_vLegislação
_zBrasil
650 _aAdministração pública
_xContratação
_zBrasil
650 _aPolíticas públicas
_xParticipação social
_zBrasil
650 _aAdministração pública
_xConvênio
_zBrasil
942 _2udc
_cLV
999 _c34
_d34